<?xml version="1.0" encoding="UTF-8"?>
<marc:record xmlns:marc="http://www.loc.gov/MARC21/slim">
   <marc:leader>00000nam a2200000 a 4500</marc:leader>
   <marc:datafield ind1="1" ind2=" " tag="100">
      <marc:subfield code="a">Poznanski, Ursula</marc:subfield>
      <marc:subfield code="4">aut</marc:subfield>
      <marc:subfield code="e">Verfasser/-in</marc:subfield>
   </marc:datafield>
   <marc:datafield ind1="1" ind2=" " tag="100">
      <marc:subfield code="a">Strobel, Arno</marc:subfield>
      <marc:subfield code="4">aut</marc:subfield>
      <marc:subfield code="e">Verfasser/-in</marc:subfield>
   </marc:datafield>
   <marc:datafield ind1="1" ind2=" " tag="100">
      <marc:subfield code="a">Rotermund, Sascha</marc:subfield>
      <marc:subfield code="4">stl</marc:subfield>
      <marc:subfield code="e">Erzähler/-in</marc:subfield>
   </marc:datafield>
   <marc:datafield ind1="1" ind2=" " tag="100">
      <marc:subfield code="a">Marx, Christiane</marc:subfield>
      <marc:subfield code="4">stl</marc:subfield>
      <marc:subfield code="e">Erzähler/-in</marc:subfield>
   </marc:datafield>
   <marc:datafield ind1=" " ind2=" " tag="653">
      <marc:subfield code="a">Kassette / Belletristik/Krimis</marc:subfield>
   </marc:datafield>
   <marc:datafield ind1=" " ind2=" " tag="653">
      <marc:subfield code="a">Thriller</marc:subfield>
   </marc:datafield>
   <marc:datafield ind1=" " ind2=" " tag="653">
      <marc:subfield code="a">Spionage</marc:subfield>
   </marc:datafield>
   <marc:datafield ind1=" " ind2=" " tag="653">
      <marc:subfield code="a">CD</marc:subfield>
   </marc:datafield>
   <marc:datafield ind1=" " ind2=" " tag="653">
      <marc:subfield code="a">Fiktionale Darstellung</marc:subfield>
   </marc:datafield>
   <marc:datafield ind1=" " ind2=" " tag="653">
      <marc:subfield code="a">Krimis</marc:subfield>
   </marc:datafield>
   <marc:datafield ind1="0" ind2="0" tag="245">
      <marc:subfield code="a">Christiane Marx und Sascha Rotermund lesen Poznanski, Strobel, Fremd</marc:subfield>
   </marc:datafield>
   <marc:datafield ind1=" " ind2="1" tag="264">
      <marc:subfield code="a">Berlin</marc:subfield>
      <marc:subfield code="b">Argon</marc:subfield>
   </marc:datafield>
   <marc:datafield ind1="1" ind2=" " tag="490">
      <marc:subfield code="a">Argon Hörbuch</marc:subfield>
   </marc:datafield>
   <marc:datafield ind1=" " ind2=" " tag="250">
      <marc:subfield code="a">Autorisierte Lesefassung</marc:subfield>
   </marc:datafield>
   <marc:datafield ind1="1" ind2=" " tag="520">
      <marc:subfield code="a">Angaben aus der Verlagsmeldung

Fremd / von Ursula Poznanski, Arno Strobel

Erik ist Informatiker bei Gabor Enterprises, das sich mit alternativer Energiegewinnung beschäftigt und ein Sonnenkraftwerk in der saudi-arabischen Wüste plant. Als Erik eines Abends von der Arbeit nach Hause kommt, stößt er im Wohnzimmer auf seine verstörte Verlobte Joanna, die ihn nicht wiedererkennt. Sie hält ihn für einen Einbrecher und verbarrikadiert sich im Schlafzimmer. Zunächst macht es den Anschein, als sei sie verrückt geworden. Doch im ganzen Haus gibt es keinen einzigen Hinweis darauf, dass auch er hier lebt: kein Kleidungsstück, keine Zahnbürste, nichts. Hat Joanna Recht? Ist er es, mit dem etwas nicht stimmt? Als Erik kurz darauf einem Anschlag entgeht und Joanna entführt wird, beginnt ein Albtraum, der beide das Leben kosten kann - wenn sie nicht lernen, einander zu vertrauen.

Sascha Rotermund ist neben seiner Arbeit am Theater und im Film ein vielbeschäftigter Hörbuch- und Synchronsprecher. Er ist u.a. die deutsche Stimme von Don Draper in der Erfolgsserie "Mad Men" und Stammsprecher von Benedict Cumberbatch. In seinen Lesungen überzeugt er durch seine Interpretation der Figuren, seine mitreißenden Dialoge und seine warme und spannungsgeladene Stimme.

Christiane Marx ist Schauspielerin und Synchronsprecherin. Sie hat u.a. den Dóra Guðmundsdóttir-Krimis von Yrsa Sigurðardóttir ihre Stimme geliehen und den erschütternden Thriller "Cry Baby" von Gillian Flynn zu einem Hörereignis gemacht. Eine kristallklare Stimme und subtile Charaktergestaltungen zeichnen ihre Hörbuchinterpretationen aus.
</marc:subfield>
   </marc:datafield>
   <marc:datafield ind1=" " ind2=" " tag="020">
      <marc:subfield code="a">9783839814338</marc:subfield>
      <marc:subfield code="9">9783839814338</marc:subfield>
   </marc:datafield>
   <marc:datafield ind1=" " ind2=" " tag="020">
      <marc:subfield code="a">3839814332</marc:subfield>
      <marc:subfield code="9">3839814332</marc:subfield>
   </marc:datafield>
   <marc:datafield ind1=" " ind2=" " tag="041">
      <marc:subfield code="a">ger</marc:subfield>
   </marc:datafield>
   <marc:datafield ind1=" " ind2=" " tag="300">
      <marc:subfield code="a">6 CDs</marc:subfield>
   </marc:datafield>
</marc:record>
